Catálogo - Centro de Recursos para el Aprendizaje y la Investigación

Volver al Sitio - CRAI Biblioteca

Los humedales construidos como solución basada en la naturaleza para el tratamiento de agua residuales : (Registro nro. 114286)

Detalles MARC
000 -CABECERA
campo de control de longitud fija 03612nam a2200337 4500
001 - NÚMERO DE CONTROL
campo de control 114286
003 - IDENTIFICADOR DEL NÚMERO DE CONTROL
campo de control DR-UNIBE
005 - FECHA Y HORA DE LA ÚLTIMA TRANSACCIÓN
campo de control 20251209142209.0
008 - DATOS DE LONGITUD FIJA--INFORMACIÓN GENERAL
campo de control de longitud fija 251209b2025 dr ||||| |||| 00| 0 spa d
020 ## - NÚMERO INTERNACIONAL ESTÁNDAR DEL LIBRO
Número Internacional Estándar del Libro 9789945511260
040 ## - FUENTE DE LA CATALOGACIÓN
Centro catalogador/agencia de origen BIBLIOTECA UNIBE
Lengua de catalogación spa
Centro/agencia transcriptor BIBLIOTECA UNIBE
041 ## - CÓDIGO DE LENGUA
Código de lengua del texto/banda sonora o título independiente spa
082 ## - NÚMERO DE LA CLASIFICACIÓN DECIMAL DEWEY
Número de edición 22
Número de clasificación RD 628.162 J95h
100 1# - ENTRADA PRINCIPAL--NOMBRE DE PERSONA
Nombre de persona Jáuregui Haza, Ulises
Término indicativo de función/relación autor
-- fotógrafo
9 (RLIN) 201397
100 1# - ENTRADA PRINCIPAL--NOMBRE DE PERSONA
Nombre de persona Vargas, Enmanuel
Término indicativo de función/relación autor
9 (RLIN) 201398
245 14 - MENCIÓN DE TÍTULO
Título Los humedales construidos como solución basada en la naturaleza para el tratamiento de agua residuales :
Resto del título preguntas y respuestas /
Mención de responsabilidad, etc. Ulises Jáuregui Haza, Enmanuel Vargas
260 ## - PUBLICACIÓN, DISTRIBUCIÓN, ETC.
Lugar de publicación, distribución, etc. Santo Domingo :
Nombre del editor, distribuidor, etc. Fondo de Agua Yaque del Norte :
-- Instituto Tecnológico de Santo Domingo (INTEC),
Fecha de publicación, distribución, etc. 2025
300 ## - DESCRIPCIÓN FÍSICA
Extensión 47 páginas :
Otras características físicas ilustraciones (a color) ;
Dimensiones 30 cm
504 ## - NOTA DE BIBLIOGRAFÍA, ETC.
Nota de bibliografía, etc. Incluye referencias bibliográficas y enlaces a materiales audiovisuales (páginas: 46-47) e índice
505 0# - NOTA DE CONTENIDO CON FORMATO
Nota de contenido con formato 1. ¿Qué son los humedales construidos? |<br/>2. ¿Cómo se clasifican los humedales construidos? |<br/>3. ¿Cómo funciona un humedal construido para el tratamiento de aguas residuales? |<br/>4. ¿Cuáles son los principales criterios de diseño de los humedales construidos? |<br/>5. ¿Cuáles son las principales ventajas de los humedales construidos, en comparación con los sistemas convencionales de tratamiento de aguas residuales? |<br/>6. ¿Cuáles son las principales limitaciones de los humedales construidos? |<br/>7. ¿En qué consiste la operación y el mantenimiento de un humedal artificial? |<br/>8. ¿Cuál es el rol que juega la comunidad en la sostenibilidad de un humedal artificial? |<br/>9. ¿Cuáles servicios ecosistémicos brindan los humedales artificiales? |<br/>10. ¿Cuáles son las plantas más comunes que se usan como cobertura en los humedales construidos? |<br/>11. ¿Cuál es la política para la construcción de humedales en la República Dominicana? |<br/>12. ¿Qué tan eficientes son los humedales artificiales en el tratamiento de aguas residuales? |<br/>13. ¿Cuál es el ámbito de aplicación de los humedales artificiales? |<br/>14. ¿Cuáles son los principales impulsores en la implementación de humedales en la República Dominicana? |<br/>15. ¿Cuáles son las principales barreras que limitan la implementación de humedales en la República Dominicana? |<br/>16. ¿Cuáles han sido las principales incidencias en el deterioro de humedales artificiales en la República Dominicana? |<br/>17. ¿Qué tipos de medios filtrantes son comúnmente usados en humedales artificiales? |<br/>18. ¿Cuáles son los requerimientos para ampliar la aplicación de humedales en la República Dominicana? |<br/>19. ¿Dónde está la concentración más alta de humedales artificiales y por qué? |<br/>20. ¿Cuál es el impacto ambiental de un humedal artificial partiendo del análisis de su ciclo de vida? |<br/>21. ¿Cuáles son los pasos a tener en cuenta a la hora de proponer un humedal artificial como alternativa para el tratamiento de aguas residuales? |<br/>22. Referencias bibliográficas<br/>
650 #7 - PUNTO DE ACCESO ADICIONAL DE MATERIA--TÉRMINO DE MATERIA
Fuente del encabezamiento o término lemb
Término de materia o nombre geográfico como elemento de entrada Humedales
9 (RLIN) 201406
650 #7 - PUNTO DE ACCESO ADICIONAL DE MATERIA--TÉRMINO DE MATERIA
Fuente del encabezamiento o término lemb
Término de materia o nombre geográfico como elemento de entrada Conservación de humedales
9 (RLIN) 201407
650 #7 - PUNTO DE ACCESO ADICIONAL DE MATERIA--TÉRMINO DE MATERIA
Fuente del encabezamiento o término lemb
Término de materia o nombre geográfico como elemento de entrada Purificación de aguas residuales
9 (RLIN) 31462
650 #7 - PUNTO DE ACCESO ADICIONAL DE MATERIA--TÉRMINO DE MATERIA
Fuente del encabezamiento o término lemb
Término de materia o nombre geográfico como elemento de entrada Protección del medio ambiente
Subdivisión geográfica República Dominicana
9 (RLIN) 15688
650 #7 - PUNTO DE ACCESO ADICIONAL DE MATERIA--TÉRMINO DE MATERIA
Fuente del encabezamiento o término lemb
Término de materia o nombre geográfico como elemento de entrada Desarrollo sostenible
700 1# - PUNTO DE ACCESO ADICIONAL--NOMBRE DE PERSONA
Nombre de persona Picón, María Carla
Término indicativo de función/relación cuidado de edición
-- corrector de estilo
9 (RLIN) 129381
700 1# - PUNTO DE ACCESO ADICIONAL--NOMBRE DE PERSONA
Nombre de persona Estévez de Portes, Walkiria
Término indicativo de función/relación presentación
9 (RLIN) 201401
700 1# - PUNTO DE ACCESO ADICIONAL--NOMBRE DE PERSONA
Nombre de persona Rodríguez Botier, Hermis
Término indicativo de función/relación diagramador
9 (RLIN) 201408
700 1# - PUNTO DE ACCESO ADICIONAL--NOMBRE DE PERSONA
Nombre de persona Infante Sicard, Eduardo David
Término indicativo de función/relación fotógrafo
9 (RLIN) 201409
942 ## - ELEMENTOS DE PUNTO DE ACCESO ADICIONAL (KOHA)
Fuente del sistema de clasificación o colocación Sistema de Clasificación Decimal Dewey
Tipo de ítem Koha Libro (general)
Existencias
Estado de retiro Estado de pérdida Fuente del sistema de clasificación o colocación No para préstamo Código de colección Localización permanente Fecha de adquisición Total de préstamos Signatura topográfica completa Código de barras Fecha visto por última vez Número de copia Precio válido a partir de Tipo de ítem Koha
  Disponible Sistema de Clasificación Decimal Dewey   General - Libros dominicanos Biblioteca Central UNIBE 09/10/2025   RD 628.162 J95h 251213 09/12/2025 Ej. 1 09/12/2025 Libro (general)